|
|
|
|
| LEADER |
00000nam a2200000 a 4500 |
| 001 |
vtls011755985 |
| 003 |
SK-MaSNL |
| 005 |
20260302021049.0 |
| 008 |
200612s18uu xo a 0 an0 slo |
| 015 |
|
|
|a SNBHFA18uu
|
| 035 |
|
|
|a urn:nbn:sk:snk-am00d3eh
|
| 035 |
|
|
|a urn:nbn:sk:snk-am3hkbm
|
| 035 |
|
|
|a 0093BF6C-3630-4AE2-B68B-59DD11BC21D1
|
| 040 |
|
|
|a SNKHF
|b slo
|c SNK
|e AACR2
|
| 041 |
0 |
|
|a slo
|
| 044 |
|
|
|a xo
|c SK
|
| 072 |
|
7 |
|a 783
|x Cirkevná hudba. Duchovná hudba. Náboženská hudba
|2 konspekt
|
| 080 |
|
|
|a 783.6
|2 2011
|
| 130 |
0 |
|
|a Dwĕ
|9 299944
|
| 245 |
1 |
0 |
|a Dwĕ duchownj Pjsné o Spasyteli nassem Pánu Gežjssi Krystu
|
| 260 |
|
|
|a W Skalicy
|b [b. t.]
|c [19. stor.]
|
| 300 |
|
|
|a [8] s.
|c 11 cm
|
| 500 |
|
|
|a Titulná strana s drevorezom. Ozdobná linka
|
| 501 |
|
|
|a Prív. 1. k: Pobožná Pjseň o Vmučenj Pána Gežjsse Krysta, k rozgmánj wydaná. W Skalicy : v Fr. X Škarnycla a Synů, [1828-1879].
|5 SNK SE 150/1-21/prív.1
|
| 546 |
|
|
|a Slovenčina
|b Fraktúra
|
| 650 |
0 |
7 |
|a duchovné piesne
|2 SNKPH
|9 1928
|
| 752 |
|
|
|a Slovensko
|d Skalica
|
| 852 |
|
|
|a SNK
|p SE 150/1-21/prív.1
|
| 958 |
|
|
|a ONDV
|
| 999 |
|
|
|c 1027340
|d 1029270
|
| 952 |
|
|
|a SNK
|b SNK
|y PREZ
|7 0
|p 17A1300744
|o snkSE 150/1-21/prív.1
|i snk4824/28
|0 0
|1 0
|4 0
|d 2018-05-14
|f 1
|l 0
|r 2026-02-24 13:43:40
|w 2026-02-24
|